Siren sounds - Tate McRae Lyrics - Statistics

General Stats
  • This quiz has been taken 186 times
  • The average score is 273 of 307
Answer Stats
Answer % Correct
a
100%
and
100%
I
100%
you
100%
so
99%
to
99%
we
99%
more
98%
the
98%
one
97%
be
96%
but
96%
in
96%
out
96%
siren
96%
minute
95%
sounds
95%
down
94%
get
94%
oh
93%
tell
93%
this
93%
when
93%
it
92%
all
91%
us
91%
crazy
90%
burning
89%
can
89%
kiss
89%
might
89%
for
88%
house
88%
keep
88%
me
88%
wanna
88%
bed
87%
it's
87%
my
87%
then
87%
just
86%
lie
86%
night
86%
stay
86%
dancing
85%
living
85%
see
85%
stick
85%
time
85%
call
84%
say
84%
telling
83%
buy
82%
kill
82%
know
82%
some
82%
year
82%
burns
81%
crime
81%
now
81%
they're
81%
around
80%
been
80%
instead
80%
leave
80%
that
80%
both
79%
can't
79%
end
78%
bury
77%
we're
77%
it'll
76%
hate
74%
how
73%
I'm
72%
want
72%
bound
71%
don't
71%
flames
71%
like
70%
full
69%
cocky
68%
gets
68%
show
68%
up
68%
done
66%
kinda
64%
need
64%
not
64%
good
63%
love
60%
our
60%
real
60%
smoke
60%
lungs
58%
cold
53%
hot
49%
we'd
30%
No matching quizzes found
Score Distribution
Percent of People with Each Score
Percentile by Number Answered
Your Score History
You have not taken this quiz